Les plus gros transferts du football - Arrières guaches - 2023-2024 - Statistiques

Statistiques générales
  • Ce quiz a été pris 53 fois
  • Le résultat moyen est 5 sur 10
Statistiques - réponses
Montant de transfert (M €) Nationalité Venant de Allant à Joueur % Correct
90,00 Croatie RB Leipzig Manchester City Josko Gvardiol
98%
45,00 France Bayern Munich Paris SG Lucas Hernández
98%
23,00 Brésil Marseille Al-Hilal Renan Lodi
71%
20,60 Brésil Atlético Madrid Marseille Renan Lodi
71%
10,00 France FC Nantes Marseille Quentin Merlin
65%
17,87 Serbie / Hongrie AZ Alkmaar Bournemouth Milos Kerkez
29%
9,15 Argentine Boca Juniors Brighton Valentín Barco
20%
10,00 Italie FC Empoli Fiorentina Fabiano Parisi
8%
14,00 République tchèque Slavia Prague Benfica David Jurásek
2%
9,88 Arabie Saoudite Al-Taawoun Al-Ittihad Hassan Kadesh
0%
Aucun quiz correspondant
Distribution des résultats
% des personnes avec chaque résultat
Percentile par nombre de réponses
Votre historique - résultats
Vous n’avez pas pris ce quiz